000 00802nam a2200277Ia 4500
003 OSt
005 20221005032434.0
006 a|||||r|||| 00| 0
007 ta
008 221004b |||||||| |||| 00| 0 eng d
020 _a02262666494
024 _a37416
037 _cTextual
040 _aCRL
_cCRL
_beng
041 _2eng
_aeng
082 _aO111,1M88:g, K3
100 _aFrye Northrop
110 _aGift from Prof Amitava Banerjee, England
_9579674
245 0 _aT.S. Eliot
_b An introduction
260 _aChicago
_bUniversity of Chicago Press USA
_c1963
300 _a109p.
_ccm.
650 _aENGLISH LITERATURE
700 _aGift from Prof Amitava Banerjee, England
_9579675
942 _hO111,1M88:g, K3
_cTEXL
_2cc
999 _c939715
_d939715